№ 1 (вып. 11); Памятники Отечества; Победа: орден, символ, памятник

গ্রন্থ-পঞ্জীর বিবরন
Parent link:Памятники Отечества: Альманах/ Всероссийское общество охраны памятников истории и культуры ; ред. И. В. Петрянов-Соколов. № 1 (вып. 11).— , 1981-
ভাষা:রুশ
প্রকাশিত: 1985
TOC:В. И. Шумков, Победа: орден, символ, памятник;
বিষয়গুলি:
বিন্যাস: গ্রন্থ
KOHA link:https://koha.lib.tpu.ru/cgi-bin/koha/opac-detail.pl?biblionumber=21325

MARC

LEADER 00000nam2a2200000 4500
001 21325
005 20231101205424.0
035 |a (RuTPU)RU\TPU\book\21523 
035 |a BOOK00021593 
090 |a 21325 
100 |a 20011209d1985 m y0rusy50 ca 
101 0 |a rus 
102 |a RU 
105 |a a z 010zd 
200 0 |a № 1 (вып. 11) 
210 |d 1985 
215 |a 167 с.  |c ил. 
390 |a Этот номер посвящается 40-летию Победы советского народа в Великой Отечественной войне 
461 1 |0 (RuTPU)RU\TPU\book\145950  |t Памятники Отечества  |o Альманах  |f Всероссийское общество охраны памятников истории и культуры ; ред. И. В. Петрянов-Соколов  |v № 1 (вып. 11)  |d 1981- 
464 |t Победа: орден, символ, памятник  |f В. И. Шумков 
600 1 |a Говоров  |b Л. А.  |c маршал Советского Союза (1944 г.)  |c Герой Советского Союза (1945)  |f 1897-1955  |g Леонид Александрович  |2 stltpush  |3 (RuTPU)RU\TPU\pers\21644 
600 1 |a Василевский  |b А. М.  |c русский военачальник  |f 1895-1977  |g Александр Михайлович  |c Маршал Советского Союза (1943)  |c дважды Герой Советского Союза (1944, 1945)  |2 stltpush  |3 (RuTPU)RU\TPU\pers\15710 
600 1 |a Ерёменко  |b А. И.  |c маршал Советского Союза (1955)  |c Герой Советского Союза (1944)  |f 1892-1970  |g Андрей Иванович  |2 stltpush  |3 (RuTPU)RU\TPU\pers\21645 
600 1 |a Жуков  |b Г. К.  |c русский полководец, маршал СССР  |f 1896-1974  |g Георгий Константинович  |2 stltpush  |3 (RuTPU)RU\TPU\pers\175  |9 94 
600 1 |a Конев  |b И. С.  |c маршал Советского Союза (1944)  |c дважды Герой Советского Союза (1944, 1945)  |f 1897-1973  |g Иван Степанович  |2 stltpush  |3 (RuTPU)RU\TPU\pers\21646 
600 1 |a Малиновский  |b Р. Я.  |c маршал Советского Союза (1944)  |c дважды Герой Советского Союза (1945,1958)  |f 1898-1967  |g Родион Яковлевич  |2 stltpush  |3 (RuTPU)RU\TPU\pers\21647 
600 1 |a Мерецков  |b К. А.  |c маршал Советского Союза(1944)  |c Герой Советского Союза (1940)  |f 1897-1968  |g Кирилл Афанасьевич  |2 stltpush  |3 (RuTPU)RU\TPU\pers\21648 
600 1 |a Пластов  |b А. А.  |g Аркадий Александрович  |c российский живописец  |f 1893-1972  |2 stltpush  |3 (RuTPU)RU\TPU\pers\12327 
610 1 |a искусство 
610 1 |a история 
610 1 |a Россия 
610 1 |a культура 
610 1 |a исторические памятники 
610 1 |a русская культура 
610 1 |a культурные ценности 
610 1 |a Великая Отечественная война 1941-1945 
610 1 |a альманахи 
675 |a 725.94  |v 3 
801 0 |a RU  |b 63413507  |c 20011209  |g PSBO 
801 2 |a RU  |b 63413507  |c 20140228  |g PSBO 
942 |c BK